Banner

Epistemología y metodología (Registro nro. 3048)

Detalles MARC
000 -CABECERA
campo de control de longitud fija 00606nam a22002057a 4500
008 - ELEMENTOS DE LONGITUD FIJA -- INFORMACION GENERAL
campo de control de longitud fija 241021b ag ||||| |||| 00| 0 spa d
020 ## - NUMERO INTERNACIONAL NORMALIZADO PARA LIBROS (ISBN)
International Standard Book Number 950-23-0931-6
080 ## - NUMERO DE CLASIFICACION DECIMAL UNIVERSAL (CDU)
Número de la Clasificación Decimal Universal 165:167
100 ## - ASIENTO PRINCIPAL--NOMBRE PERSONAL
Nombre personal Samaja, Juan
Enlace autoridades 2493
245 ## - MENCION DE TITULO
Título propiamente dicho Epistemología y metodología
Parte restante del título elementos para una teoría de la investigación científica
250 ## - MENCION DE EDICION
Mención de edición 3ra.
260 ## - PUBLICACION, DISTRIBUCION, ETC. (PIE DE IMPRENTA)
Lugar de publicación, distribución, etc. Ciudad de Buenos Aires
Nombre del editor, distribuidor, etc. Eudeba
Fecha de publicación, distribución, etc. 1993
300 ## - DESCRIPCION FISICA
Extensión 409 p.
650 ## - ASIENTO SECUNDARIO DE MATERIA - TERMINO TEMATICO
Término temático o nombre geográfico como elemento de entrada Investigación científica
Enlace autoridades 2494
650 ## - ASIENTO SECUNDARIO DE MATERIA - TERMINO TEMATICO
Término temático o nombre geográfico como elemento de entrada Matrices de datos
Enlace autoridades 2495
650 ## - ASIENTO SECUNDARIO DE MATERIA - TERMINO TEMATICO
Término temático o nombre geográfico como elemento de entrada Método científico
Enlace autoridades 182
650 ## - ASIENTO SECUNDARIO DE MATERIA - TERMINO TEMATICO
Término temático o nombre geográfico como elemento de entrada Variables
Enlace autoridades 2496
651 ## - ASIENTO SECUNDARIO DE MATERIA - NOMBRE GEOGRAFICO
Fuente del encabezamiento o término LEMB
Enlace autoridades 1736
Existencias
Retirado Perdido Dañado No se presta Ubicación permanente Locación actual Estante o sala Fecha de adquisición Signatura topográfica Inventario Ultima fecha vista Tipo de item de Koha
      Disponible para préstamo Biblioteca Cs. de la Salud y Trabajo Social Biblioteca Cs. de la Salud y Trabajo Social Anexo Salta 21/10/2024 165:167 Sa187 2518 21/10/2024 LIBRO

XHTML | CSS | ©Biblioteca Central - Dto. Tecnología de la Información - [ Con tecnología Koha ]